Crisis financiera e impacto económico en México / (Registro nro. 62864)
[ vista simple ]
| 000 -LEADER | |
|---|---|
| fixed length control field | 00964nam a2200265 i 4500 |
| 001 - CONTROL NUMBER | |
| control field | 62864 |
| 005 - DATE AND TIME OF LATEST TRANSACTION | |
| control field | 20180714065040.0 |
| 008 - FIXED-LENGTH DATA ELEMENTS--GENERAL INFORMATION | |
| fixed length control field | 150612s2011 mx r 000 0 spa d |
| 020 ## - INTERNATIONAL STANDARD BOOK NUMBER | |
| International Standard Book Number | 9786074873375 |
| 040 ## - CATALOGING SOURCE | |
| Original cataloging agency | MX-PuUPA |
| Language of cataloging | spa |
| Description conventions | rda |
| Transcribing agency | Mx-PuUPA |
| Modifying agency | Mx-PuUPA |
| 041 0# - LANGUAGE CODE | |
| Language code of text/sound track or separate title | spa |
| 082 0# - DEWEY DECIMAL CLASSIFICATION NUMBER | |
| Classification number | 330.972 |
| Item number | CRI |
| 245 00 - TITLE STATEMENT | |
| Title | Crisis financiera e impacto económico en México / |
| Statement of responsibility, etc. | coordinadores Eudoxio Morales Flores, Jorge Vázquez Sánchez. |
| 250 ## - EDITION STATEMENT | |
| Edition statement | Primera edición |
| 264 #1 - PRODUCTION, PUBLICATION, DISTRIBUTION, MANUFACTURE, AND COPYRIGHT NOTICE | |
| Place of production, publication, distribution, manufacture | Puebla, Pue. : |
| Name of producer, publisher, distributor, manufacturer | Benemérita Universidad Autónoma de Puebla, |
| Date of production, publication, distribution, manufacture, or copyright notice | 2011 |
| 300 ## - PHYSICAL DESCRIPTION | |
| Extent | 191 páginas ; |
| Dimensions | 23 cm. |
| 336 ## - CONTENT TYPE | |
| Content type term | texto |
| Source | rdacontent |
| 337 ## - MEDIA TYPE | |
| Media type term | sin mediación |
| Source | rdamedia |
| 338 ## - CARRIER TYPE | |
| Carrier type term | volumen |
| Source | rdacarrier |
| 650 #4 - SUBJECT ADDED ENTRY--TOPICAL TERM | |
| Topical term or geographic name entry element | Política de gastos públicos |
| Geographic subdivision | México |
| 650 #4 - SUBJECT ADDED ENTRY--TOPICAL TERM | |
| Topical term or geographic name entry element | Neoliberalismo |
| Geographic subdivision | México |
| 650 #4 - SUBJECT ADDED ENTRY--TOPICAL TERM | |
| Topical term or geographic name entry element | México |
| General subdivision | Política económica |
| Chronological subdivision | 1994 |
| 700 1# - ADDED ENTRY--PERSONAL NAME | |
| Personal name | Morales Flores, Eudoxio, |
| Relator term | coordinador |
| 700 1# - ADDED ENTRY--PERSONAL NAME | |
| Personal name | Vázquez Sánchez, Jorge, |
| Relator term | coordinador |
| Withdrawn status | Lost status | Source of classification or shelving scheme | Damaged status | Not for loan | Collection code | Home library | Current library | Shelving location | Date acquired | Source of acquisition | Inventory number | Total Checkouts | Full call number | Barcode | Date last seen | Price effective from | Koha item type | Date last checked out |
|---|---|---|---|---|---|---|---|---|---|---|---|---|---|---|---|---|---|---|
| Dewey Decimal Classification | General | Biblioteca Karol Wojtyla | Biblioteca Karol Wojtyla | Sala general | 05/12/2017 | Compra | 151000000000000000049681 | 330.972 CRI 2011 | 98676 | 05/01/2026 | 05/12/2017 | Libro | ||||||
| Dewey Decimal Classification | General | Biblioteca Karol Wojtyla | Biblioteca Karol Wojtyla | Sala general | 05/12/2017 | Compra | 151000000000000000055762 | 1 | 330.972 CRI 2011 | 98677 | 05/01/2026 | 05/12/2017 | Libro | 02/12/2019 |